10 Closest Capitals to Saudi Arabia Quiz Stats

Quiz Updated Aug 29, 2015

Challenge
Share
Tweet
Embed
Score 0/10 Timer 04:00
2 Plays Today
Capital % Correct
Baghdad, Iraq
88.7%
Kuwait City, Kuwait
85.3%
Abu Dhabi, UAE
82.4%
Tehran, Iran
81.9%
Doha, Qatar
77.1%
Sanaa, Yemen
74.3%
Muscat, Oman
73.3%
Amman, Jordan
73.1%
Manama, Bahrain
60.2%
Asmara, Eritrea
35.1%

You're not logged in!

Compare scores with friends on all Sporcle quizzes.
Sign Up with Email
OR
Log In

You Might Also Like...

Show Comments

Extras

Top Quizzes Today


Score Distribution

Your Account Isn't Verified!

In order to create a playlist on Sporcle, you need to verify the email address you used during registration. Go to your Sporcle Settings to finish the process.

Report this User

Report this user for behavior that violates our Community Guidelines.

Details: